[Event "ICS rated blitz match"]
[Site "207.99.83.229"]
[Date "1999.07.21"]
[Round "?"]
[White "pagoda"]
[Black "Hossa"]
[Result "0-1"]
[WhiteElo "2134"]
[BlackElo "2412"]
[PlyCount "38"]
[EventDate "1999.??.??"]

1. e4 Nf6 2. e5 Nd5 3. c4 Nb6 4. c5 Nd5 5. Bc4 e6 6. Nc3 Nxc3 7. dxc3 Nc6 8.
Bf4 Bxc5 9. Qg4 Bf8 10. h4 d5 11. O-O-O f6 12. Bb5 a6 13. Bxc6+ bxc6 14. exf6
gxf6 15. Qh5+ Ke7 16. Nf3 Bd7 17. Rhe1 Qc8 18. g4 Be8 19. Qf5 19... Bg6 {
pagoda resigns} 0-1

[Event "ICS rated blitz match"]
[Site "207.99.83.229"]
[Date "1999.07.21"]
[Round "?"]
[White "Hossa"]
[Black "pagoda"]
[Result "1-0"]
[WhiteElo "2417"]
[BlackElo "2129"]
[PlyCount "107"]
[EventDate "1999.??.??"]

1. d4 Nf6 2. c4 e6 3. Nc3 Bb4 4. Bg5 c5 5. Nf3 Qa5 6. Bd2 d6 7. a3 Bxc3 8. Bxc3
Qc7 9. dxc5 dxc5 10. Bxf6 gxf6 11. Qd3 Nc6 12. O-O-O Bd7 13. Qe3 b6 14. Qh6 Ke7
15. e3 Ne5 16. Nxe5 Qxe5 17. Bd3 Bc6 18. f3 Qg5 19. Qxg5 fxg5 20. Rd2 h5 21.
Rhd1 Rad8 22. b4 h4 23. b5 Bb7 24. Kc2 Rd6 25. e4 Rhd8 26. Kb3 Rd4 27. a4 e5
28. Ka3 Bc8 29. Kb2 Be6 30. Kc3 f6 31. Be2 f5 32. exf5 Bxf5 33. Bd3 Be6 34. h3
R8d6 35. Be2 Rxd2 36. Rxd2 Rd4 37. Bd3 Kf6 38. Bf1 Bc8 39. Be2 Bb7 40. Bd3 Ke6
41. Bg6 Kf6 42. Bh7 e4 43. fxe4 Ke5 44. Rxd4 cxd4+ 45. Kd3 Bc8 46. Bf5 Bb7 47.
a5 bxa5 48. c5 a4 49. c6 Bc8 50. Bxc8 a3 51. Kc2 d3+ 52. Kb3 d2 53. Bg4 Kxe4
54. c7 {pagoda resigns} 1-0

[Event "ICS rated blitz match"]
[Site "207.99.83.229"]
[Date "1999.07.21"]
[Round "?"]
[White "pagoda"]
[Black "Hossa"]
[Result "0-1"]
[WhiteElo "2124"]
[BlackElo "2422"]
[PlyCount "49"]
[EventDate "1999.??.??"]

1. e4 Nf6 2. Nc3 d5 3. e5 d4 4. exf6 dxc3 5. d4 cxb2 6. fxg7 Bxg7 7. Bxb2 c5 8.
Bb5+ Bd7 9. Bxd7+ Nxd7 10. Nf3 Qa5+ 11. Qd2 Qxd2+ 12. Kxd2 Rg8 13. g3 O-O-O 14.
c3 cxd4 15. cxd4 Kb8 16. Rhe1 e6 17. h4 Rc8 18. Ng5 h6 19. Nxf7 Rgf8 20. Nd6
Rxf2+ 21. Ke3 Rxb2 22. Nxc8 Kxc8 23. Rf1 h5 24. Rac1+ Kb8 25. Kf4 {
pagoda resigns} 0-1

[Event "ICS rated blitz match"]
[Site "207.99.83.229"]
[Date "1999.07.21"]
[Round "?"]
[White "Hossa"]
[Black "pagoda"]
[Result "0-1"]
[WhiteElo "2427"]
[BlackElo "2119"]
[PlyCount "116"]
[EventDate "1999.??.??"]

1. d4 Nf6 2. c4 e6 3. Nc3 Bb4 4. Bg5 c5 5. Nf3 Qa5 6. Bd2 d6 7. a3 Bxc3 8. Bxc3
Qc7 9. dxc5 dxc5 10. Bxf6 gxf6 11. Qd3 Nc6 12. O-O-O Bd7 13. Qe3 b6 14. Qh6 Ke7
15. e3 Ne5 16. Nxe5 Qxe5 17. Bd3 Bc6 18. f3 Qg5 19. Qxg5 fxg5 20. Rd2 h5 21.
Rhd1 Rad8 22. b4 h4 23. b5 Bb7 24. Kc2 Rd6 25. e4 Rhd8 26. Kb3 Rd4 27. a4 e5
28. Ka3 f5 29. exf5 e4 30. Bxe4 Rxd2 31. Rxd2 Rxd2 32. Bxb7 Kf6 33. f4 gxf4 34.
h3 Kxf5 35. Kb3 Ke5 36. Kc3 Ra2 37. Kb3 Re2 38. a5 Kd4 39. axb6 axb6 40. Bd5
Re3+ 41. Kc2 Rc3+ 42. Kd2 Ra3 43. Ke2 Ke5 44. Kf2 Kd4 45. Ke2 Rc3 46. Kd2 Rxc4
47. Bxc4 Kxc4 48. Kc2 Kd4 49. Kd2 c4 50. Ke2 c3 51. Kf3 c2 52. Kg4 c1=Q 53.
Kxh4 Ke4 54. g4 fxg3 55. Kg4 Qf4+ 56. Kh5 g2 57. Kg6 g1=Q+ 58. Kh5 58... Qfg5#
{Hossa checkmated} 0-1

[Event "ICS rated blitz match"]
[Site "207.99.83.229"]
[Date "1999.07.21"]
[Round "?"]
[White "Hossa"]
[Black "pagoda"]
[Result "0-1"]
[WhiteElo "2406"]
[BlackElo "2140"]
[PlyCount "98"]
[EventDate "1999.??.??"]

1. d4 Nf6 2. c4 e6 3. Nc3 Bb4 4. Bg5 c5 5. Nf3 Qa5 6. Bd2 d6 7. a3 Bxc3 8. Bxc3
Qc7 9. dxc5 dxc5 10. Bxf6 gxf6 11. Qd3 Nc6 12. O-O-O Bd7 13. Qe3 b6 14. Qh6 Ke7
15. e3 Ne5 16. Nxe5 Qxe5 17. Bd3 Bc6 18. f3 Qg5 19. Qxg5 fxg5 20. Rd2 h5 21.
Rhd1 Rad8 22. b4 h4 23. b5 Bb7 24. Kc2 Rd6 25. e4 Rhd8 26. Kb3 Rd4 27. a4 e5
28. Ka3 f5 29. exf5 e4 30. Bxe4 Rxd2 31. Rxd2 Rxd2 32. Bxb7 Kf6 33. g4 Rxh2 34.
Be4 Re2 35. Bd5 h3 36. a5 h2 37. f4 gxf4 38. axb6 axb6 39. Ka4 Re3 40. g5+ Kxg5
41. Bh1 Kxf5 42. Bg2 Ke5 43. Bf3 Kd4 44. Bg2 Rc3 45. Bc6 Kd3 46. Be4+ Kd2 47.
Bf3 Kc2 48. Bc6 Kb2 49. Bd5 49... Ra3# {Hossa checkmated} 0-1

[Event "ICS rated blitz match"]
[Site "207.99.83.229"]
[Date "1999.07.21"]
[Round "?"]
[White "Hossa"]
[Black "pagoda"]
[Result "0-1"]
[WhiteElo "2387"]
[BlackElo "2159"]
[Annotator "Hiarcs 6.0 (21s)"]
[PlyCount "92"]
[EventDate "1999.??.??"]

1. d4 1... Nf6 {Opening = E30 - 4.Bg5(h6 5.Bh4 c5 6.d5 ---)} 2. c4 e6 3. Nc3
Bb4 4. Bg5 c5 5. Nf3 (5. d5 h6 (5... Bxc3+ 6. bxc3 d6 7. e3 Qe7 8. Nf3 e5 9.
Qc2 h6 10. Bh4 O-O 11. Nd2 g5 12. Bg3 e4 13. Be2 Bf5 14. Rb1 Bg6 15. h4 b6 16.
a4 Nbd7 17. a5 Ne8 18. Qa4 Rc8 19. hxg5 hxg5 20. Bh5 Bh7 21. Ke2 Ng7 22. axb6
Nxb6 23. Qd1 f5 24. Qg1 f4 25. exf4 gxf4 26. Bg4 fxg3 27. fxg3 e3 28. Nf3 Qe4
29. Rxh7 29... Qc2+ {0-1 Sheldon,R-Lakos,N/Calicut IND 1998 (29)}) 6. Bh4 Bxc3+
7. bxc3 d6 8. f3 Qe7 9. e4 e5 10. Bd3 Nbd7 11. Ne2 Nf8 12. Bf2 h5 13. h4 Ng6
14. Qd2 Bd7 15. Be3 Nh7 16. Ng3 Nxh4 17. Nxh5 O-O-O 18. Qf2 Nf6 19. Nxg7 19...
Nxf3+ {
Garcia Palermo,C-Giaccio,A/Clarin GP Final, Villa Gisell ARG 1998/0-1 (40)})
5... Qa5 $146 (5... cxd4 6. Qxd4 Nc6 7. Qh4 Be7 8. e4 d6 9. O-O-O Qc7 10. Kb1
a6 11. Bd3 Bd7 12. Rhe1 h6 13. c5 dxc5 14. e5 Nd5 15. Nxd5 exd5 16. Bxe7 Nxe7
17. e6 Bxe6 18. Rxe6 fxe6 19. Qh5+ g6 20. Bxg6+ Nxg6 21. Qxg6+ Qf7 22. Qg3 Rg8
23. Qd6 Rxg2 24. Re1 Qxf3 25. Qxe6+ Kf8 26. Qxh6+ Kg8 27. Qe6+ Qf7 28. Qe5 Rf8
29. Qd6 29... Qg6+ {0-1 Pehlgrim,A-Bergstrom,R/Troll, Gausdal NOR (9) 1996 (29)
}) (5... h6 6. Bd2 O-O 7. dxc5 Na6 8. e3 Nxc5 9. Be2 b6 10. O-O Bb7 11. Nb5
Bxd2 12. Nxd2 Qe7 13. Rc1 Rfd8 14. b3 d5 15. Qc2 e5 16. Nf3 a6 17. Na3 d4 18.
exd4 exd4 19. Qb2 d3 20. Bd1 {
Gomes,J-Lomineishvili,M/w-u18 girls, Guarapuava BRA (1) 1995/0-1 (32)}) 6. Bd2
d6 7. a3 Bxc3 8. Bxc3 Qc7 9. dxc5 dxc5 10. Bxf6 gxf6 11. Qd3 Nc6 12. O-O-O Bd7
13. Qe3 b6 14. Qh6 Ke7 15. e3 Ne5 16. Nxe5 Qxe5 17. Bd3 Bc6 18. f3 Qg5 19. Qxg5
fxg5 20. Rd2 h5 21. Rhd1 Rad8 22. b4 h4 23. b5 Bb7 24. Kc2 Rd6 25. e4 Rhd8 26.
Kb3 Rd4 27. a4 e5 28. Ka3 f5 29. exf5 $2 (29. Kb2 fxe4 30. fxe4 Bxe4 31. Kc3
Bxd3 32. Rxd3 $19) 29... e4 $17 (29... h3 $19 $142 {
und Weiss kann direkt aufgeben}) 30. Bxe4 $2 $19 (30. fxe4 Bxe4 31. Bxe4 Rxd2
32. Re1 $19) 30... Rxd2 31. Rxd2 Rxd2 32. Bxb7 Kf6 33. g4 (33. f4 {
hilft allerdings auch nicht} 33... gxf4 34. h3 34... Kxf5 $19) 33... Rxh2 34.
Be4 Re2 35. Ba8 h3 36. a5 36... h2 {Droht Matt} 37. f4 gxf4 38. Ka4 38... Re3 {
Mit der Mattdrohung f3} 39. axb6 axb6 40. g5+ Kxg5 41. Bg2 (41. Bh1 {
nuetzt auch nichts mehr} 41... f3 $1 {huebsch} 42. Bg2 fxg2 43. f6 g1=Q 44. f7
Qd1#) 41... f3 $1 {triumphiert} 42. Bh1 42... f2 $1 {Boing!} 43. f6 (43. Bg2 {
hilft auch nicht mehr} 43... h1=Q 44. Bxh1 f1=Q 45. Bd5 Qd1#) 43... Kxf6 $19 (
43... f1=Q 44. f7 Qxc4#) 44. Bg2 h1=R 45. Bxh1 f1=R 46. Bb7 (46. Bg2 {
holt die Kuh nicht vom Eis} 46... Ra1#) 46... Ra1# 0-1

[Event "ICS rated blitz match"]
[Site "207.99.83.229"]
[Date "1999.07.21"]
[Round "?"]
[White "Hossa"]
[Black "pagoda"]
[Result "0-1"]
[WhiteElo "2370"]
[BlackElo "2176"]
[PlyCount "138"]
[EventDate "1999.??.??"]

1. d4 Nf6 2. c4 e6 3. Nc3 Bb4 4. Bg5 c5 5. Nf3 Qa5 6. Bd2 d6 7. a3 Bxc3 8. Bxc3
Qc7 9. dxc5 dxc5 10. Bxf6 gxf6 11. Qd3 Nc6 12. O-O-O Bd7 13. Qe3 b6 14. Qh6 Ke7
15. e3 Ne5 16. Nxe5 Qxe5 17. Bd3 Bc6 18. f3 Qg5 19. Qxg5 fxg5 20. Rd2 h5 21.
Rhd1 Rad8 22. b4 h4 23. b5 Bb7 24. Kc2 Rd6 25. e4 Rhd8 26. a4 Rd4 27. Kb2 e5
28. Kb3 Bc8 29. Kc2 Be6 30. Be2 f5 31. exf5 Bxf5+ 32. Kc3 Rxd2 33. Rxd2 Rd4 34.
Bd3 Be6 35. h3 Kf6 36. Bf1 Bc8 37. Be2 Bb7 38. Bd3 Bc8 39. Rd1 Bb7 40. Be2 Rxd1
41. Bxd1 e4 42. fxe4 Bxe4 43. Bf3 Bxf3 44. gxf3 Kf5 45. Kd2 Kf4 46. Ke2 Kg3 47.
Ke3 Kxh3 48. Kf2 Kh2 49. Kf1 Kg3 50. Kg1 h3 51. Kh1 h2 52. f4 gxf4 53. a5 f3
54. a6 Kf2 55. Kxh2 Ke2 56. Kg3 f2 57. Kf4 f1=Q+ 58. Ke5 Qf7 59. Kd6 Kd3 60.
Kc6 Kxc4 61. Kd6 Kxb5 62. Ke5 Kc6 63. Ke4 Qf6 64. Ke3 Kd5 65. Kd3 Qf3+ 66. Kc2
Kc4 67. Kb2 Qf2+ 68. Kb1 Kb3 69. Kc1 69... Qc2# {Hossa checkmated} 0-1

[Event "ICS rated blitz match"]
[Site "207.99.83.229"]
[Date "1999.07.21"]
[Round "?"]
[White "pagoda"]
[Black "Hossa"]
[Result "1-0"]
[WhiteElo "2200"]
[BlackElo "2346"]
[PlyCount "67"]
[EventDate "1999.??.??"]

1. e4 Nf6 2. Nc3 d5 3. e5 d4 4. Nce2 d3 5. cxd3 Nd5 6. d4 Nc6 7. Nf3 Ndb4 8. d3
8... f6 $2 9. a3 Nd5 10. h3 Bd7 11. Nc3 e6 12. Be2 Be7 13. O-O O-O 14. Re1 Bc8
15. Nxd5 Qxd5 16. Bd2 Nxd4 17. Nxd4 Qxd4 18. Bc3 Qb6 19. d4 fxe5 20. Bd3 exd4
21. Bxd4 c5 22. Qh5 h6 23. Bxg7 Bf6 24. Bxh6 Qxb2 25. Rab1 Qd4 26. Re3 Bg7 27.
Bxg7 Qxg7 28. Rg3 Rf7 29. Rxg7+ Kxg7 30. Qg5+ Kh8 31. Be4 a5 32. Rb3 Bd7 33.
Qh6+ Rh7 34. Qxh7# {Hossa checkmated} 1-0

[Event "ICS rated blitz match"]
[Site "207.99.83.229"]
[Date "1999.07.21"]
[Round "?"]
[White "Hossa"]
[Black "pagoda"]
[Result "0-1"]
[WhiteElo "2324"]
[BlackElo "2222"]
[PlyCount "103"]
[EventDate "1999.??.??"]

1. d4 Nf6 2. c4 e6 3. Nc3 Bb4 4. Bg5 c5 5. Nf3 Qa5 6. Bd2 d6 7. a3 Bxc3 8. Bxc3
Qc7 9. dxc5 dxc5 10. Bxf6 gxf6 11. Qd3 Nc6 12. O-O-O Bd7 13. Qe3 b6 14. Qh6 Ke7
15. e3 Ne5 16. Nxe5 Qxe5 17. Bd3 Bc6 18. f3 Qg5 19. Qxg5 fxg5 20. Rd2 h5 21.
Rhd1 Rad8 22. b4 h4 23. b5 Bb7 24. Kc2 Rd6 25. e4 Rhd8 26. Kb3 Rd4 27. a4 e5
28. Ka3 f5 29. exf5 e4 30. Bxe4 Rxd2 31. Rxd2 Rxd2 32. Bxb7 Kf6 33. f4 g4 34.
h3 gxh3 35. gxh3 Rd3+ 36. Kb2 Rxh3 37. Bc8 Rf3 38. Bd7 h3 39. Bc6 Rxf4 40. Kc3
Kxf5 41. a5 h2 42. axb6 axb6 43. Bh1 Ke5 44. Kd3 Rf1 45. Bc6 h1=Q 46. Bxh1 Rxh1
47. Ke3 Rh3+ 48. Ke2 Ke4 49. Kf2 Rh5 50. Ke1 Kd3 51. Kf2 Rg5 52. Ke1 {
Hossa resigns} 0-1

[Event "ICS rated blitz match"]
[Site "207.99.83.229"]
[Date "1999.07.21"]
[Round "?"]
[White "Hossa"]
[Black "libertad"]
[Result "1-0"]
[WhiteElo "2303"]
[BlackElo "2186"]
[PlyCount "53"]
[EventDate "1999.??.??"]

1. d4 d5 2. c4 e5 3. dxe5 d4 4. Nf3 Nc6 5. Bf4 Bg4 6. Nbd2 Bc5 7. Qb3 Nge7 8.
O-O-O O-O 9. Qxb7 Nb4 10. Qb5 Nxa2+ 11. Kb1 Nc3+ 12. bxc3 dxc3 13. Qxc5 Rb8+
14. Kc1 Bf5 15. e4 cxd2+ 16. Rxd2 Qc8 17. exf5 Qxf5 18. Bd3 Qxf4 19. Qxe7 Rfe8
20. Qxc7 Rec8 21. Qxa7 Rb3 22. Kd1 Rd8 23. Ke2 Rbxd3 24. Rxd3 Qe4+ 25. Qe3 Qxc4
26. Rhd1 Qc2+ 27. Ke1 {libertad resigns} 1-0

[Event "ICS Rated blitz match"]
[Site "207.99.83.229"]
[Date "1999.07.21"]
[Round "?"]
[White "Claus"]
[Black "Hossa"]
[Result "0-1"]
[WhiteElo "2165"]
[BlackElo "2314"]
[PlyCount "30"]
[EventDate "1999.??.??"]

1. e4 Nf6 2. d3 e5 3. Nd2 Be7 4. Ngf3 Nc6 5. g3 d5 6. exd5 Nxd5 7. Bg2 O-O 8.
O-O Bg4 9. h3 Bh5 10. Re1 Bf6 11. Ne4 Re8 12. c3 Rc8 13. Qc2 Be7 14. Be3 f5 15.
Ned2 15... f4 {Claus resigns} 0-1

[Event "ICS rated blitz match"]
[Site "207.99.83.229"]
[Date "1999.07.21"]
[Round "?"]
[White "kidza"]
[Black "Hossa"]
[Result "0-1"]
[WhiteElo "2007"]
[BlackElo "2324"]
[PlyCount "66"]
[EventDate "1999.??.??"]

1. e4 Nf6 2. e5 Nd5 3. Nf3 d6 4. exd6 exd6 5. d4 Be7 6. Bc4 Nf6 7. O-O d5 8.
Bb3 O-O 9. Ne5 Nbd7 10. Nc3 c6 11. f4 Re8 12. Ne2 c5 13. c3 cxd4 14. cxd4 Nb6
15. Ng3 Be6 16. Bc2 Rc8 17. Qd3 Nc4 18. b3 Na3 19. Bxa3 Bxa3 20. Rae1 Bb4 21.
Re2 Qa5 22. Bb1 Qb6 23. Nh5 Ne4 24. Rxe4 dxe4 25. Qxe4 f5 26. Qf3 Qxd4+ 27. Kh1
Rc7 28. Ng3 g6 29. Rd1 Bd2 30. Qe2 Rc1 31. Bd3 Rxd1+ 32. Qxd1 Bxf4 33. Nf3
33... Qf2 {kidza resigns} 0-1

[Event "ICS rated blitz match"]
[Site "207.99.83.229"]
[Date "1999.07.21"]
[Round "?"]
[White "Hossa"]
[Black "Claus"]
[Result "1-0"]
[WhiteElo "2342"]
[BlackElo "2150"]
[PlyCount "64"]
[EventDate "1999.??.??"]

1. d4 Nf6 2. c4 c5 3. d5 b5 4. cxb5 a6 5. f3 e6 6. e4 exd5 7. exd5 d6 8. Nc3
Be7 9. Bd3 O-O 10. Nge2 Nbd7 11. bxa6 Bxa6 12. Bxa6 Rxa6 13. O-O Qa8 14. Re1
Rb8 15. Ng3 Bf8 16. Nge4 Nxe4 17. fxe4 g6 18. Rf1 Bg7 19. Qg4 Ne5 20. Qg3 Rb4
21. Rf2 Nc4 22. Kh1 Bd4 23. Rf1 Nxb2 24. Rb1 Nc4 25. Rxb4 cxb4 26. Nb5 Bg7 27.
Nc7 Qb7 28. Nxa6 Qxa6 29. Qf2 Ne5 30. Bf4 Qb7 31. Qd2 Nc4 32. Qc2 32... Na3 {
Claus resigns} 1-0

[Event "ICS Rated blitz match"]
[Site "207.99.83.229"]
[Date "1999.07.21"]
[Round "?"]
[White "Hossa"]
[Black "Zenith"]
[Result "0-1"]
[WhiteElo "2350"]
[BlackElo "2770"]
[PlyCount "78"]
[EventDate "1999.??.??"]

1. d4 Nf6 2. c4 e6 3. Nc3 Bb4 4. Bg5 h6 5. Bh4 c5 6. d5 d6 7. Rc1 exd5 8. cxd5
g5 9. Bg3 Ne4 10. f3 Nxg3 11. hxg3 Nd7 12. g4 Nb6 13. e4 Bd7 14. a3 Bxc3+ 15.
Rxc3 Qe7 16. Kd2 O-O-O 17. Kc1 Kb8 18. Ne2 Qe5 19. Qd3 Rde8 20. Rh3 Na8 21. Kb1
Nc7 22. Ng3 Nb5 23. Rc4 Nd4 24. a4 b5 25. Rc1 bxa4 26. Qa6 Ka8 27. Ka2 Rb8 28.
Rb1 Rb3 29. Bd3 Nb5 30. Bc4 Ra3+ 31. bxa3 Nc3+ 32. Ka1 Nxb1+ 33. Kxb1 Rb8+ 34.
Bb5 Bxb5 35. Qxa7+ Kxa7 36. Kc2 Bd3+ 37. Kxd3 Qb2 38. Nf5 Rb3+ 39. Kc4 39...
Qc2# {Hossa checkmated} 0-1

[Event "ICS Rated blitz match"]
[Site "207.99.83.229"]
[Date "1999.07.21"]
[Round "?"]
[White "occam"]
[Black "Hossa"]
[Result "1-0"]
[WhiteElo "2485"]
[BlackElo "2347"]
[PlyCount "163"]
[EventDate "1999.??.??"]

1. d4 d5 2. Nf3 Nf6 3. e3 g6 4. c4 dxc4 5. Bxc4 Bg7 6. Nc3 O-O 7. O-O Bg4 8. h3
8... Bh5 $6 9. g4 Nxg4 10. hxg4 Bxg4 11. Be2 Nd7 12. Qb3 Nb6 13. Kg2 Qc8 14.
Rh1 Bh5 15. Bd2 c5 16. dxc5 Qxc5 17. Rad1 Qf5 18. e4 Qc8 19. Qb4 e5 20. Be3 Rd8
21. Bxb6 axb6 22. Qxb6 Re8 23. a4 Re6 24. Qb4 Rc6 25. Kg1 Rb8 26. Qe7 Bf6 27.
Qd7 Qf8 28. Nd5 Bd8 29. Ne3 Bf6 30. Qh3 Qb4 31. Bb5 Re6 32. Bc4 Rd6 33. Rxd6
Qxd6 34. Qg2 Bxf3 35. Qxf3 h5 36. Kh2 Ra8 37. Rg1 Kf8 38. Rd1 Qc6 39. Bb5 Qe6
40. Rd7 Rb8 41. Rc7 Qd6 42. Nd5 Kg7 43. Rd7 Qe6 44. Nxf6 Qxf6 45. Qxf6+ Kxf6
46. Bc4 b6 47. Rxf7+ Kg5 48. Rd7 Rc8 49. Bd3 Rf8 50. Kg2 Rf6 51. f3 h4 52. Bb5
Kf4 53. b4 g5 54. a5 h3+ 55. Kxh3 bxa5 56. Kg2 axb4 57. Bd3 g4 58. fxg4 Ke3 59.
Bb1 Rf2+ 60. Kg3 Rf3+ 61. Kh4 Rf1 62. Ba2 Kxe4 63. Rb7 Rh1+ 64. Kg3 Ke3 65.
Rxb4 Rg1+ 66. Kh3 Rf1 67. Bb1 Rf4 68. Rb3+ Kf2 69. g5 e4 70. g6 e3 71. Rb2+ Kf3
72. Bd3 Rf6 73. Be2+ Kf4 74. Rb4+ Ke5 75. g7 Rg6 76. Rg4 Rxg4 77. Kxg4 Kd4 78.
g8=Q Kc3 79. Qc4+ Kd2 80. Qd3+ Ke1 81. Qd1+ Kf2 82. Qf1# {Hossa checkmated} 1-0

[Event "ICS rated blitz match"]
[Site "207.99.83.229"]
[Date "1999.07.22"]
[Round "?"]
[White "Zenith"]
[Black "Hossa"]
[Result "1-0"]
[WhiteElo "2773"]
[BlackElo "2347"]
[PlyCount "78"]
[EventDate "1999.??.??"]

1. d4 d5 2. c4 e6 3. Nf3 c5 4. cxd5 exd5 5. g3 Bd6 6. dxc5 Bxc5 7. Bg2 Ne7 8.
O-O O-O 9. Nd4 Bxd4 10. Qxd4 Nbc6 11. Qh4 Bf5 12. Rd1 Qe8 13. Nc3 Be6 14. Qf4
Rc8 15. Be3 Qd7 16. Rac1 Rfe8 17. Nb5 Bg4 18. Qd6 Red8 19. Qxd7 Rxd7 20. Nd4
Rdc7 21. Nxc6 Nxc6 22. Rxd5 Be6 23. Rd3 Bxa2 24. b3 Ra8 25. Rdc3 Rac8 26. Bxa7
Ra8 27. Be3 Re7 28. Ra1 Ra6 29. Bxc6 bxc6 30. Rc2 Rb7 31. Rcxa2 Rxa2 32. Rxa2
h5 33. Rc2 Rxb3 34. Kg2 f5 35. Rxc6 Rb2 36. Kf3 Kh7 37. Rc7 Rb4 38. Rd7 Re4 39.
Bd4 39... Rg4 {Hossa resigns} 1-0

[Event "ICS Rated blitz match"]
[Site "207.99.83.229"]
[Date "1999.07.22"]
[Round "?"]
[White "mkarp"]
[Black "Hossa"]
[Result "0-1"]
[WhiteElo "2158"]
[BlackElo "2344"]
[PlyCount "70"]
[EventDate "1999.??.??"]

1. e4 Nf6 2. e5 Nd5 3. b3 c5 4. Bb2 Nc6 5. Nf3 d6 6. exd6 Qxd6 7. Bb5 Qe6+ 8.
Qe2 Qxe2+ 9. Kxe2 Bd7 10. Bxc6 Bxc6 11. Ne5 Nf4+ 12. Kd1 Bxg2 13. Rg1 f6 14.
Nc4 Bf3+ 15. Ke1 Ne2 16. Rf1 e5 17. d3 Nd4 18. Kd2 O-O-O 19. Nc3 b5 20. Ne3 e4
21. a4 b4 22. Nb5 Nxb3+ 23. cxb3 Rxd3+ 24. Kc2 a6 25. Nc4 axb5 26. axb5 Kd7 27.
Ra7+ Ke6 28. Rfa1 Kf5 29. R1a6 Bd1+ 30. Kc1 Bxb3 31. Ne3+ Kg6 32. Rc6 c4 33.
Rxc4 Rxe3 34. fxe3 Bxc4 35. b6 35... Bd6 {mkarp resigns} 0-1

[Event "ICS rated blitz match"]
[Site "207.99.83.229"]
[Date "1999.07.22"]
[Round "?"]
[White "mkarp"]
[Black "Hossa"]
[Result "0-1"]
[WhiteElo "2142"]
[BlackElo "2360"]
[PlyCount "66"]
[EventDate "1999.??.??"]

1. e4 Nf6 2. Nc3 d5 3. exd5 Nxd5 4. g3 Bf5 5. Bg2 c6 6. Nge2 e5 7. Nxd5 cxd5 8.
c4 Be4 9. Bxe4 dxe4 10. Qb3 Qd7 11. O-O Bc5 12. Nc3 f5 13. Na4 Bd4 14. c5 Na6
15. Rb1 Rc8 16. d3 exd3 17. Bd2 f4 18. Rbd1 fxg3 19. hxg3 Nxc5 20. Nxc5 Rxc5
21. Bb4 Rd5 22. Rfe1 Qf7 23. Rd2 Qf3 24. Bc3 Qxg3+ 25. Kh1 Qh4+ 26. Kg1 Rd6 27.
Rxe5+ Bxe5 28. Bxe5 Qg5+ 29. Bg3 Qxd2 30. Bxd6 Qc1+ 31. Kg2 Qc6+ 32. Kg1 Qxd6
33. Qb5+ 33... Qd7 {mkarp resigns} 0-1

[Event "ICS rated blitz match"]
[Site "207.99.83.229"]
[Date "1999.07.22"]
[Round "?"]
[White "Hossa"]
[Black "mkarp"]
[Result "1-0"]
[WhiteElo "2367"]
[BlackElo "2135"]
[PlyCount "33"]
[EventDate "1999.??.??"]

1. d4 Nf6 2. c4 e6 3. Nc3 d5 4. Nf3 Be7 5. cxd5 exd5 6. Qc2 O-O 7. Bf4 c6 8. e3
Re8 9. Bd3 h6 10. O-O Nbd7 11. Rac1 Nh5 12. Nxd5 Qa5 13. Nc7 Nxf4 14. Bh7+ Kf8
15. Nxa8 Nh5 16. Qf5 Ndf6 17. Qxa5 {mkarp resigns} 1-0

[Event "ICS rated blitz match"]
[Site "207.99.83.229"]
[Date "1999.07.22"]
[Round "?"]
[White "Zenith"]
[Black "Hossa"]
[Result "1-0"]
[WhiteElo "2776"]
[BlackElo "2374"]
[PlyCount "76"]
[EventDate "1999.??.??"]

1. d4 d5 2. c4 e6 3. Nc3 Nf6 4. Bg5 c6 5. e3 Nbd7 6. Nf3 Qa5 7. cxd5 exd5 8.
Nd2 Bb4 9. Qc2 Ne4 10. Ndxe4 dxe4 11. Bh4 O-O 12. Be2 Qf5 13. a3 Bxc3+ 14. Qxc3
c5 15. O-O b6 16. Rfd1 Bb7 17. b4 cxd4 18. Qc7 Bd5 19. Rxd4 Rfc8 20. Qd6 Be6
21. Ba6 Rc3 22. Qe7 Rb8 23. Bb7 Qh5 24. Bg3 Rf8 25. Rxd7 Bxd7 26. Bd6 Rfc8 27.
Bxc8 Rxc8 28. Qxd7 Ra8 29. Rc1 h6 30. Qc6 Rd8 31. Qxe4 Qg5 32. Rd1 a5 33. Qd4
axb4 34. axb4 Qb5 35. Qg4 Qc6 36. Qd4 Qb5 37. e4 Qe2 38. Rc1 38... b5 {
Hossa resigns} 1-0

[Event "ICS rated blitz match"]
[Site "207.99.83.229"]
[Date "1999.07.22"]
[Round "?"]
[White "Hossa"]
[Black "Zenith"]
[Result "0-1"]
[WhiteElo "2371"]
[BlackElo "2779"]
[PlyCount "54"]
[EventDate "1999.??.??"]

1. d4 Nf6 2. c4 e6 3. Nc3 Bb4 4. Bg5 h6 5. Bh4 c5 6. d5 b5 7. Qc2 bxc4 8. e4
exd5 9. O-O-O d4 10. Bxf6 gxf6 11. Bxc4 dxc3 12. Bd5 cxb2+ 13. Qxb2 Nc6 14.
Bxc6 Qa5 15. Kb1 dxc6 16. Qxf6 O-O 17. Qxh6 Bc3 18. Qd6 Bg4 19. Nf3 Rab8+ 20.
Kc2 Bd4 21. Nxd4 cxd4 22. Qxc6 Be2 23. a3 Rfc8 24. Qxc8+ Rxc8+ 25. Kb1 Rb8+ 26.
Ka2 Bc4+ 27. Ka1 27... Qxa3# {Hossa checkmated} 0-1

[Event "ICS rated blitz match"]
[Site "207.99.83.229"]
[Date "1999.07.22"]
[Round "?"]
[White "LittlePeasant"]
[Black "Hossa"]
[Result "0-1"]
[WhiteElo "2003"]
[BlackElo "2368"]
[PlyCount "104"]
[EventDate "1999.??.??"]

1. Nf3 Nf6 2. g3 d5 3. c4 dxc4 4. Na3 Qd5 5. Qa4+ c6 6. Qxc4 e6 7. Bg2 Bxa3 8.
Qxd5 exd5 9. bxa3 O-O 10. Bb2 Ne4 11. d3 Nc5 12. O-O Bg4 13. Rac1 Nbd7 14. Rb1
Rae8 15. Rfe1 Re6 16. Bd4 b6 17. h3 Bh5 18. Bxc5 Nxc5 19. Nd4 Rd6 20. Nf5 Rd7
21. g4 Bg6 22. Nd4 Rc7 23. f4 Ne6 24. Nxe6 fxe6 25. Rf1 Be8 26. Rbc1 Rcf7 27.
e3 c5 28. f5 Bd7 29. e4 dxe4 30. dxe4 g6 31. fxg6 hxg6 32. Rcd1 g5 33. e5 Bb5
34. Rxf7 Rxf7 35. Bf1 Bxf1 36. Rxf1 Rxf1+ 37. Kxf1 b5 38. a4 a6 39. Ke2 Kf8 40.
Kd3 Ke7 41. Kc3 Kd7 42. Kb3 Kc6 43. axb5+ axb5 44. Kc3 Kd5 45. Kd3 c4+ 46. Kc3
b4+ 47. Kxb4 Kd4 48. a4 c3 49. a5 c2 50. a6 c1=Q 51. a7 Qc4+ 52. Ka5 52... Kc5
{LittlePeasant resigns} 0-1

[Event "ICS rated blitz match"]
[Site "207.99.83.229"]
[Date "1999.07.22"]
[Round "?"]
[White "Hossa"]
[Black "matar"]
[Result "1-0"]
[WhiteElo "2371"]
[BlackElo "2261"]
[PlyCount "58"]
[EventDate "1999.??.??"]

1. d4 d5 2. c4 e6 3. Nc3 Nf6 4. cxd5 exd5 5. Bg5 Be7 6. e3 O-O 7. Bd3 Nbd7 8.
Qc2 Re8 9. Nf3 Nf8 10. O-O-O Bg4 11. Qb3 Bxf3 12. gxf3 c5 13. Bb5 c4 14. Qa4 a6
15. Bxe8 b5 16. Qc2 Qxe8 17. Bxf6 Bxf6 18. Nxd5 Bd8 19. Qf5 Qc6 20. e4 g6 21.
Qe5 Nd7 22. Qf4 Nb6 23. Nb4 Qd7 24. d5 Na4 25. Kc2 Be7 26. Nc6 Bf8 27. Ne5 Qe7
28. d6 Qa7 29. d7 29... f6 {matar resigns} 1-0

[Event "ICS rated blitz match"]
[Site "207.99.83.229"]
[Date "1999.07.22"]
[Round "?"]
[White "Hossa"]
[Black "matar"]
[Result "1-0"]
[WhiteElo "2392"]
[BlackElo "2240"]
[PlyCount "43"]
[EventDate "1999.??.??"]

1. d4 d5 2. c4 e6 3. Nc3 Nf6 4. cxd5 exd5 5. Bg5 Be7 6. e3 O-O 7. Bd3 Nbd7 8.
Qc2 Re8 9. Nf3 Nf8 10. O-O-O c5 11. dxc5 Be6 12. Bb5 Qa5 13. Bxe8 Rxe8 14. Bxf6
Bxf6 15. Nxd5 Bxd5 16. Rxd5 Qxa2 17. Rhd1 Ne6 18. R1d2 g6 19. e4 Rc8 20. e5 Be7
21. b4 Qa4 22. Qxa4 {matar resigns} 1-0

[Event "ICS rated blitz match"]
[Site "207.99.83.229"]
[Date "1999.07.22"]
[Round "?"]
[White "matar"]
[Black "Hossa"]
[Result "0-1"]
[WhiteElo "2231"]
[BlackElo "2401"]
[PlyCount "54"]
[EventDate "1999.??.??"]

1. e4 Nf6 2. e5 Nd5 3. c4 Nb6 4. c5 Nd5 5. Nc3 e6 6. d4 Nxc3 7. bxc3 d6 8. cxd6
cxd6 9. Nf3 Nc6 10. exd6 Bxd6 11. Bd3 Be7 12. O-O O-O 13. Re1 Qa5 14. Bd2 Bf6
15. c4 Qa3 16. Re3 Qd6 17. Bc3 Rd8 18. Ne5 Nxd4 19. Bxh7+ Kf8 20. Rb1 Nf5 21.
Qxd6+ Nxd6 22. Bb4 a5 23. Ba3 g6 24. Rb6 Bxe5 25. Rxe5 Ra6 26. Rxa6 bxa6 27.
Re1 27... Kg7 {matar resigns} 0-1